Využitie Petriho sietí na modelovanie a riadenie diskrétnych udalostných systémov

Salvato in:
Dettagli Bibliografici
Autore principale: Viskup, Pavel (Autore)
Altri autori: Hrúz, Branislav, 1938- (Relatore della tesi)
Natura: Manoscritto Libro
Lingua:slovacco
Pubblicazione: Bratislava : STU v Bratislave FEI, 2000
Soggetti:
Tags: Aggiungi Tag
Nessun Tag, puoi essere il primo ad aggiungerne!!

MARC

LEADER 00000ntm a22000003a 4500
001 stu56631
005 20160719164836.2
008 010206s2000------------------------slo-d
040 |a STU  |b slo 
041 0 |a slo 
100 1 |a Viskup, Pavel  |4 aut 
245 1 |a Využitie Petriho sietí na modelovanie a riadenie diskrétnych udalostných systémov 
260 |a Bratislava :  |b STU v Bratislave FEI,  |c 2000 
300 |a 91 s  |c príl. 
650 7 |a automatizácia  |2 stusub 
700 1 |a Hrúz, Branislav,  |d 1938-  |4 ths  |u E260  |U FEI Fakulta elektrotechniky a informatiky  |T FEI Katedra automatizovaných systémov riadenia  |X 4969  |U E260  |Y 595  |7 4969